Roofing instant answers (Record no. 102222)

MARC details
000 -LEADER
fixed length control field 01001cam a2200217 4500
008 - FIXED-LENGTH DATA ELEMENTS--GENERAL INFORMATION
fixed length control field 020722n2002 000 0 eng u
020 ## - INTERNATIONAL STANDARD BOOK NUMBER
International Standard Book Number 0071387129
035 ## - SYSTEM CONTROL NUMBER
System control number (Sirsi) u118963
041 ## - LANGUAGE CODE
Language code of text/sound track or separate title eng.
050 ## - LIBRARY OF CONGRESS CALL NUMBER
Classification number 695
100 ## - MAIN ENTRY--PERSONAL NAME
Personal name Kennedy, T.
245 ## - TITLE STATEMENT
Title Roofing instant answers
260 ## - PUBLICATION, DISTRIBUTION, ETC.
Place of publication, distribution, etc. New York
Name of publisher, distributor, etc. McGraw-Hill
Date of publication, distribution, etc. 2002
300 ## - PHYSICAL DESCRIPTION
Extent ix,500p.
Other physical details ill
Dimensions 21cm.
350 ## - PRICE (NR) (BK AM CF MU VM SE) [OBSOLETE]
Price 36.99
520 ## - SUMMARY, ETC.
Summary, etc. A convenient, quick reference tool designed to answer your toughest roofing questions in seconds. Includes: take-off formulas; re-roofing tips and instructions; succinct installation guidelines for every type of roof; and a guide to insurance savings and general production improvement including safety. Contains step-by-step instructions that are broken down by category and clarified with photos, illustrations, calculations and checklists.
650 ## - SUBJECT ADDED ENTRY--TOPICAL TERM
Topical term or geographic name entry element ROOFING
650 ## - SUBJECT ADDED ENTRY--TOPICAL TERM
Topical term or geographic name entry element BUILT ENVIRONMENT-BUILDING ELEMENTS-COMPLETE BUILDING ELEMENTS-ROOFS
690 ## - LOCAL SUBJECT ADDED ENTRY--TOPICAL TERM (OCLC, RLIN)
Topical term or geographic name as entry element BUILT ENVIRONMENT
942 ## - ADDED ENTRY ELEMENTS (KOHA)
Suppress in OPAC 0
Holdings
Withdrawn status Lost status Source of classification or shelving scheme Damaged status Not for loan Home library Current library Shelving location Date acquired Cost, normal purchase price Total Checkouts Full call number Barcode Date last seen Date last checked out Copy number Cost, replacement price Price effective from Koha item type
    Dewey Decimal Classification     London London Books 08/08/2002 31.44 6 695 KEN 30066404 06/08/2019 10/04/2007 1 31.44 06/08/2019 Book